000 00690nam a2200217 a 4500
001 BRCA_3825
005 20190320204434.0
008 020814s2003----si-a#####c---#001-0#eng-u
020 _a0500203601
041 _aeng
044 _asi
050 4 _aN582
_b.A54 2003
245 1 0 _aLos Angeles County Museum of Art.
260 _aSingapur
_bThames & Hudson : Los Angeles County Museum of Art
_c2003
300 _a231 p.
_bil. a color
_c21 cm.
440 0 _aWorld of Art
_96684
500 _aIncluye índice de artistas
610 2 4 _aLos Angeles County Museum of Art
_vCatálogos
_xColecciones de arte
_99960
650 1 4 _aArte
_vCatálogos
_zCalifornia (Estados Unidos)
_99961
942 _2lcc
_cB
999 _c3554
_d3554